Normal view MARC view
  • Afrasiab

Entry Personal Name

Number of records used in: 10

001 - CONTROL NUMBER

  • control field: 9224

003 - CONTROL NUMBER IDENTIFIER

  • control field: NUST

005 - DATE AND TIME OF LATEST TRANSACTION

  • control field: 20180120143156.0

008 - FIXED-LENGTH DATA ELEMENTS

  • fixed length control field: 180120|| aca||aabn | a|a d

040 ## - CATALOGING SOURCE

  • Original cataloging agency: NUST
  • Transcribing agency: NUST

100 ## - HEADING--PERSONAL NAME

  • Personal name: Afrasiab

670 ## - SOURCE DATA FOUND

  • Source citation: Work cat.: (NUST)327596: Afrasiab, 1971: Fact and Fiction 4e, 2015
© 2023 Central Library, National University of Sciences and Technology. All Rights Reserved.